MARC

LEADER 00000nam0a2200000 4500
001 121748
005 20231101215711.0
020 |a RU  |b 80-78280 
035 |a (RuTPU)RU\TPU\book\131846 
090 |a 121748 
100 |a 20070920d1980 m y0rusy5003 ca 
101 1 |a rus  |c ava 
102 |a RU 
105 |a ac z 000ay 
200 1 |a Я люблю: Стихи и поэмы  |e пер. с авар.  |f Ф. Г. Алиева  |g худож. В. Комаров 
210 |a Москва  |c Современник  |d 1980 
215 |a 366 с.  |c ил., портр. 
225 1 |a Библиотека поэзии "Россия" 
606 1 |a Аджарская литература  |2 stltpush  |3 (RuTPU)RU\TPU\subj\1529  |9 30299 
610 1 |a советская литература 
610 1 |a авары 
610 1 |a Дагестан 
610 1 |a поэзия 
675 |a 894.6  |v 3 
700 1 |a Алиева  |b Ф. Г.  |g Фазу Гамзатовна 
702 1 |a Комаров  |b В.  |4 440 
801 0 |a RU  |b RuMRKP  |c 19950704  |g psbo 
801 1 |a RU  |b 63413507  |c 20070920  |g PSBO 
801 2 |a RU  |b 63413507  |c 20200529  |g PSBO 
942 |c BK